000 004740000a22001810004500
003 MACL
005 20151027132324.0
008 151027b xxu||||| |||| 00| 0 eng d
040 _aMACL
_cMACL
041 _aEnglish
082 _a332/CHA
100 _aChaudhary, S K
_916930
245 _aNabard and Its Significance in Agriculture
260 _bRajat Publications
_c2008
_aNew Delhi
350 _a750
650 _aFinancial Economics
_916931
942 _cBK
_k332/CHA
_2ddc
999 _c43931
_d43931